000
00285nam a22001337a 4500
008
210310b ||||| |||| 00| 0 eng d
020
_a
9780520239227
041
_a
eng
080
_a
91
100
_a
42
101
_a
GJEO
245
_a
Frozen Earth
_c
Macdougall,D
942
_2
udc
_c
BK
999
_c
56193
_d
56193